LDR 00882naa#a2200181#i#450# 001 RU\\bibl\96908 005 20260425092431.6 011 ## _a2071-7318 100 ## _a20260409b2026####ek#y0rusy0150####ca 102 ## _aRU 200 1# _aПРОМЫШЛЕННЫЕ ОБЪЕКТЫ XIX-XX ВЕКА В ГОРОДЕ ВЫБОРГ _eЖурнальная статья 210 1# _aБелгород _cБелгородский государственный технологический университет им. В.Г. Шухова _d2026 215 ## _a13 с. 608 ## _aЖурнальная статья _2local 675 ## _aОбщественные и промышленные здания. Гражданская архитектура и гражданское строительство в целом. 725 _z 700 #1 _aБыстрова _gУ. И. 700 #1 _aШуваева _gЕ. Ю. 856 4# _anaukaru.ru _u